[Event "NOR-chT lag"]
[Site "Tromsoe"]
[Date "2008.02.29"]
[Round "4"]
[White "Zhuravlev, Sergey"]
[Black "Royset, Jon Kristian"]
[Result "1-0"]
[WhiteElo "1985"]
[BlackElo "2157"]
[PlyCount "73"]
[EventDate "2008.02.29"]
[EventType "tourn"]
[EventRounds "5"]
[EventCountry "NOR"]
[SourceTitle "EXT 2010"]
[Source "ChessBase"]
[SourceDate "2010.11.25"]
[SourceVersion "1"]
[SourceVersionDate "2010.11.25"]
[SourceQuality "1"]

1. e4 e5 2. Nf3 Nc6 3. Bb5 Nf6 4. d3 Ne7 5. Nxe5 c6 6. Nc4 d6 7. Nc3 cxb5 8. Nxb5 Nc6 9. Bf4 Ne5 10. Bxe5 dxe5 11. c3 a6 12. Qa4 Nd7 13. Nbd6+ Bxd6 14. Nxd6+ Ke7 15. Qb4 Ke6 16. Nf5 Qf8 17. Qc4+ Kf6 18. g4 g6 19. g5+ Kxg5 20. f4+ Kf6 21. d4 exf4 22. 0-0-0 gxf5 23. e5+ Ke7 24. Rhe1 Kd8 25. d5 Nc5 26. b4 Ne4 27. e6 Qd6 28. Qd4 Rf8 29. c4 fxe6 30. c5 e5 31. Qc4 Qh6 32. c6 f3+ 33. Kb1 Qd2 34. d6 Nc3+ 35. Ka1 Nxd1 36. Qh4+ Ke8 37. Qe7# 1-0

[Event "NOR-chT"]
[Site "Tromsoe"]
[Date "2007.05.25"]
[Round "1"]
[White "Johnsen, Gunnar"]
[Black "Zhuravlev, Sergey"]
[Result "1/2-1/2"]
[WhiteElo "2174"]
[BlackElo "1939"]
[PlyCount "101"]
[EventDate "2007.05.25"]
[EventType "team-swiss"]
[EventRounds "6"]
[EventCountry "NOR"]
[SourceTitle "EXT 2010"]
[Source "ChessBase"]
[SourceDate "2010.11.25"]
[SourceVersion "1"]
[SourceVersionDate "2010.11.25"]
[SourceQuality "1"]

1. d4 Nf6 2. c4 g6 3. Nc3 d5 4. cxd5 Nxd5 5. e4 Nxc3 6. bxc3 Bg7 7. Bc4 c5 8. Ne2 0-0 9. 0-0 Nc6 10. Be3 Qc7 11. Rc1 Rd8 12. Qd2 Qa5 13. Rfd1 Bd7 14. Bh6 cxd4 15. Bxg7 Kxg7 16. Qf4 Be8 17. cxd4 e5 18. dxe5 Qxe5 19. Qxe5+ Nxe5 20. Bd5 Bc6 21. Bxc6 Nxc6 22. f4 Rxd1+ 23. Rxd1 Rd8 24. Rxd8 Nxd8 25. Kf2 Kf6 26. Ke3 Nc6 27. a4 Ke6 28. Kd3 f6 29. Kc4 Kd6 30. Nc3 Na5+ 31. Kb5 Nc6 32. Nd5 Ke6 33. Kc5 Ne7 34. Nc7+ Kd7 35. Nb5 b6+ 36. Kc4 a6 37. Nd4 Kd6 38. Nf3 Nc6 39. g4 Na5+ 40. Kd4 Nc6+ 41. Kc4 Na5+ 42. Kc3 Kc5 43. g5 fxg5 44. Nxg5 b5 45. axb5 axb5 46. Ne6+ Kd6 47. Nf8 Kc5 48. Nd7+ Kd6 49. Ne5 Nb7 50. Kd4 Nd8 51. Nd3 1/2-1/2

[Event "NOR-chT north"]
[Site "Harstad"]
[Date "2006.01.29"]
[Round "4"]
[White "Evensen, Roy"]
[Black "Zhuravlev, Sergey"]
[Result "0-1"]
[WhiteElo "1797"]
[BlackElo "1934"]
[PlyCount "78"]
[EventDate "2006.01.27"]
[EventType "team-tourn"]
[EventRounds "5"]
[EventCountry "NOR"]
[SourceTitle "EXT 2008"]
[Source "ChessBase"]
[SourceDate "2007.11.25"]
[SourceVersion "1"]
[SourceVersionDate "2007.11.25"]
[SourceQuality "1"]

1. e4 c5 2. Nf3 d6 3. d4 cxd4 4. Nxd4 Nf6 5. Nc3 Nc6 6. Be2 e5 7. Nb3 Be7 8. 0-0 0-0 9. Be3 Be6 10. f4 exf4 11. Bxf4 Qb6+ 12. Kh1 Rfd8 13. Nd5 Bxd5 14. exd5 Ne5 15. Bxe5 dxe5 16. c4 a5 17. Qc2 Rac8 18. Qf5 Qe3 19. Rae1 Bb4 20. Rf3 Qe4 21. Qxe4 Nxe4 22. Ref1 a4 23. Nc1 Nd2 24. Rxf7 Nxf1 25. Rxf1 Bd2 26. b3 e4 27. Bg4 Rf8 28. Rd1 Rcd8 29. Ne2 Bb4 30. Nd4 Rf2 31. Ne6 Rd6 32. h3 b6 33. Ng5 Rxa2 34. bxa4 e3 35. Be6+ Rxe6 36. dxe6 e2 37. Rd8+ Bf8 38. Nf3 Ra3 39. e7 Rxf3 0-1

[Event "Narvik op"]
[Site "Narvik"]
[Date "2004.11.18"]
[Round "5"]
[White "Zhuravlev, Sergey"]
[Black "Kristensen, Kjell Ole"]
[Result "0-1"]
[WhiteElo "1894"]
[BlackElo "2017"]
[PlyCount "66"]
[EventDate "2004.09.02"]
[EventType "swiss"]
[EventRounds "6"]
[EventCountry "NOR"]
[SourceTitle "EXT 2007"]
[Source "ChessBase"]
[SourceDate "2006.11.23"]
[SourceVersion "1"]
[SourceVersionDate "2006.11.23"]
[SourceQuality "1"]

1. e4 c5 2. Nf3 Nc6 3. Bb5 Qb6 4. Bxc6 bxc6 5. 0-0 g6 6. Nc3 Bg7 7. d3 d6 8. a3 e5 9. Nd2 Ne7 10. Nc4 Qc7 11. f4 0-0 12. fxe5 d5 13. Nd2 Bxe5 14. Nf3 Bg7 15. Qe1 Ba6 16. Qh4 f6 17. Be3 g5 18. Bxg5 Ng6 19. Qh5 fxg5 20. Nxg5 Bd4+ 21. Kh1 Bxc3 22. bxc3 Qd7 23. Rf5 dxe4 24. dxe4 Rxf5 25. exf5 Nf8 26. f6 Bc4 27. Re1 Qf5 28. Qh6 Qg6 29. Qh4 Kh8 30. Re7 Rd8 31. h3 Rd1+ 32. Kh2 Bg8 33. Qf4 Rd5 0-1

[Event "Narvik op"]
[Site "Narvik"]
[Date "2004.09.16"]
[Round "2"]
[White "Jensen, Asbjorn"]
[Black "Zhuravlev, Sergey"]
[Result "0-1"]
[WhiteElo "1198"]
[BlackElo "1894"]
[PlyCount "124"]
[EventDate "2004.09.02"]
[EventType "swiss"]
[EventRounds "6"]
[EventCountry "NOR"]
[SourceTitle "EXT 2007"]
[Source "ChessBase"]
[SourceDate "2006.11.23"]
[SourceVersion "1"]
[SourceVersionDate "2006.11.23"]
[SourceQuality "1"]

1. e4 d6 2. d4 Nf6 3. Bd3 g6 4. Nf3 Bg7 5. 0-0 0-0 6. Bg5 h6 7. Bh4 Nbd7 8. Nbd2 e5 9. dxe5 dxe5 10. Bg3 Nh5 11. Bc4 Nxg3 12. hxg3 Qe7 13. Qe2 c6 14. Rad1 b5 15. Bb3 Nc5 16. Qe3 Rd8 17. a3 Kh7 18. Ba2 Bg4 19. b4 Na4 20. Qb3 Be6 21. c4 Nb6 22. Qc2 a5 23. c5 Nd7 24. Bxe6 Qxe6 25. Nb3 axb4 26. axb4 Bf8 27. Na5 Bxc5 28. bxc5 Rxa5 29. Rd6 Qc4 30. Qxc4 bxc4 31. Rfd1 c3 32. Nxe5 Nxe5 33. Rxd8 Rxc5 34. Rc1 Rc4 35. f4 Ng4 36. e5 Ne3 37. Kf2 Nd5 38. Rd7 Kg8 39. e6 fxe6 40. Rb1 Rb4 41. Ra1 Nb6 42. Rb7 c2 43. Rc1 Nd5 44. Rxb4 Nxb4 45. Ke2 Kf7 46. Kd2 Ke7 47. g4 g5 48. f5 Kf6 49. fxe6 Kxe6 50. Rh1 Kd5 51. Rxh6 Kc4 52. Rh3 c5 53. Rf3 Nd3 54. Kxc2 Ne1+ 55. Kd2 Nxf3+ 56. gxf3 Kd4 57. Ke2 Ke5 58. Ke3 c4 59. Kf2 Kf4 60. Ke2 c3 61. Kd3 Kxf3 62. Kxc3 Kxg4 0-1